000
00275nam a22001217a 4500
040
_c
SK
082
_a
635
100
_a
BOWYER M.C.
245
_a
Delaying postharvest senescence of cut flowers using nitric oxide
260
_a
RIRDC
_b
BOW
_c
2003
300
_a
11p.
942
_c
EK
999
_c
8851
_d
8851